000 00600nam a22001937a 4500
005 20250118161942.0
008 250118b |||||||| |||| 00| 0 eng d
020 _a9780335223862
050 _aR726.7 PSY
100 _aWalker, Jan
245 _aPsychology for Nurses and the Caring Professions/
_cJan Walker, Sheila Payne, Paula Smith, Nikki Jarrett
250 _a3rd ed.
260 _aMaidenhead, Berkshire
_bMcGraw Hill Open University Press
_c2007
300 _ax. 275p.
_c24cm
700 _aPayne, Sheila
700 _aSmith, Paula
700 _aJarrett, Nikki
942 _2lcc
_cBK
_e3rd ed.
_n0
999 _c2686
_d2686